| 000 | 01364cam a22003734a 4500 | ||
|---|---|---|---|
| 001 | 1673412 | ||
| 003 | OSt | ||
| 005 | 20140310184433.0 | ||
| 008 | 981231s1999 mau j 000 1 eng | ||
| 010 | _a 98053914 | ||
| 020 | _a0439653762 | ||
| 040 |
_aDLC _cDLC _dDLC |
||
| 042 |
_alcac _apcc |
||
| 050 | 0 | 0 |
_aPZ 7 _b.Sh54144Co 2004 |
| 100 | 1 |
_aSheldon, Dyan. _923814 |
|
| 245 | 1 | 0 |
_aConfessions of a teenage drama queen / _cDyan Sheldon. |
| 250 | _a1st ed. | ||
| 260 |
_aNew York : _bScholastics Inc., _c2004. |
||
| 300 |
_a272 p. ; _c22 cm. |
||
| 520 | _aIn her first year at a suburban New Jersey high school, Mary Elizabeth Cep, who now calls herself "Lola," sets her sights on the lead in the annual drama production, and finds herself in conflict with the most popular girl in school. | ||
| 521 | _aG5 | ||
| 526 | _c710 | ||
| 650 | 1 |
_aIdentity _xFiction. _927088 |
|
| 650 | 1 |
_aInterpersonal relations _xFiction. _927089 |
|
| 650 | 1 |
_aHigh schools _xFiction. _927090 |
|
| 650 | 1 |
_aSchools _xFiction. _927091 |
|
| 906 |
_a7 _bcbc _corignew _d1 _eocip _f19 _gy-gencatlg |
||
| 942 |
_2lcc _cBK-SCHOLAS |
||
| 999 |
_c34355 _d34355 |
||